Ч. 3 : XX век: Выбор моделей общественного развития; История России

Bibliographic Details
Parent link:История России: учебное пособие. Ч. 3 : XX век: Выбор моделей общественного развития.— , 1994
Language:Russian
Published: 1994
Subjects:
Format: Book
KOHA link:https://koha.lib.tpu.ru/cgi-bin/koha/opac-detail.pl?biblionumber=16007

MARC

LEADER 00000nam0a2200000 4500
001 16007
005 20241206173344.0
010 |a 5254005424 
035 |a (RuTPU)RU\TPU\book\16127 
035 |a BOOK00016196 
090 |a 16007 
100 |a 20011209d1994 m y0rusy50 ca 
101 0 |a rus 
102 |a RU 
105 |a y j 000zy 
200 0 |a Ч. 3 : XX век: Выбор моделей общественного развития 
210 |d 1994 
215 |a 191 с. 
461 |t История России  |o учебное пособие  |v Ч. 3 : XX век: Выбор моделей общественного развития  |d 1994 
606 |a Россия  |x История  |9 81526 
610 1 |a Великая Октябрьская социалистическая революция 
610 1 |a Гражданская война 1918-1921 
610 1 |a Великая Отечественная война 1941-1945 
610 1 |a экономические реформы 
610 1 |a перестройка 
610 1 |a 20 век 
610 1 |a учебные пособия 
610 1 |a СССР 
686 |a Т3(2)я73  |2 rubbk 
801 0 |a RU  |b 63413507  |c 20011209  |g PSBO 
801 2 |a RU  |b 63413507  |c 20120625  |g PSBO 
942 |c BK